Culture Générale - Série 983 - Statistiques

Statistiques générales
  • Ce quiz a été pris 130 fois
  • Le résultat moyen est 6 sur 10
Statistiques - réponses
Question Réponse % Correct
Quel est le résultat de l'addition en chiffres romains : X plus V ? 15
97%
Dans quel pays Gerhard Schröder a-t-il été élu chancelier en 1998 ? Allemagne
94%
Dans quelle ville européenne se déroule le film "Good Bye Lenin!" de Wolfgang Becker ? Berlin
68%
Quel roman de Balzac a pour titre le nom de la fille de Félix Grandet ? Eugénie Grandet
67%
Quelle est la langue officielle de la principauté d'Andorre ? catalan
58%
Créée par Napoléon, la fête foraine qui se tient au Bois de Boulogne s'appelait jusqu'en 2007 : "La Fête à... Neu Neu
53%
Quel est le chef-lieu de la Polynésie française ? Papeete
50%
En 1946, quel médecin français est déclaré coupable de 27 meurtres et exécuté ? Marcel Petiot
43%
A quel auteur latin doit-on le poème en douze chants intitulé : "Enéide" ? Virgile
42%
Quelle ville allemande est bâtie au confluent de la Moselle et du Rhin ? Coblence
13%
Aucun quiz correspondant
Distribution des résultats
% des personnes avec chaque résultat
Percentile par nombre de réponses
Votre historique - résultats
Vous n’avez pas pris ce quiz